Statistics for Highest ranking teams not qualified for World Cup 2018

Click here to take the quiz!

General Stats

  • This quiz has been taken 385 times
  • The average score is 22 of 33

Answer Stats

RankingConfederationTeam% Correct
9South AmericanChile
95%
15EuropeanItaly
92%
20EuropeanNetherlands
89%
27North, Central American and CaribbeanUSA
86%
26EuropeanRepublic of Ireland
80%
47EuropeanGreece
79%
58EuropeanNorway
79%
14EuropeanWales
79%
36South AmericanParaguay
77%
39EuropeanAustria
75%
24EuropeanSlovakia
75%
30EuropeanUkraine
75%
60South AmericanEcuador
74%
29EuropeanScotland
73%
52AfricanGhana
72%
50South AmericanBolivia
70%
46EuropeanCzech Republic
70%
53EuropeanHungary
70%
45EuropeanRomania
70%
51South AmericanVenezuela
70%
33EuropeanTurkey
69%
42AfricanCameroon
68%
36EuropeanBulgaria
67%
40EuropeanBosnia and Herzegovina
66%
23EuropeanNorthern Ireland
66%
61AfricanCôte d'Ivoire
64%
57AsianChina PR
62%
59North, Central American and CaribbeanJamaica
56%
35AfricanCongo DR
46%
54EuropeanMontenegro
44%
56North, Central American and CaribbeanHaiti
36%
55AfricanBurkina Faso
30%
64AfricanCape Verde Islands
21%

Score Distribution

Percentile by Number Answered

Percent of People with Each Score

Your Score History

You have not taken this quiz